000 00452nam a2200157Ia 4500
003 IN-BaIIA
008 211028s9999 xx 000 0 eng d
040 _cIIA Library
080 _a551.5
_bNOR
100 _aNorman
_92840
245 0 _aSubstance of tags at shimla meteorological office
_cNorman
260 _c1927
650 _aMeteorological centre
_92841
650 _aShimla
_92842
942 _cBK
999 _c1380
_d1380